000 00548nam a2200217Ia 4500
003 OSt
005 20230331164243.0
008 210423s2010 xx 000 0 und d
020 _a9780070581906
040 _cAL
041 _aeng
082 _a658.4 SEKU
_223
100 _aSEKARAN (Uma).
_981105
245 _aOrganisational behaviour: text and cases.
250 _a2
260 _aNew Delhi
_bTata McGraw-hill
_c2010
300 _axv,357
_bPB
365 _b325
_cINR
906 _abehaviour: ; cases. ; Organisational
942 _2ddc
_cBK
999 _c155324
_d155324